[Event "WSCC 65 Open 2017"]
[Site "?"]
[Date "2017.11.14"]
[Round "7"]
[White "Komljenovic, Davorin"]
[Black "Barle, Janez"]
[Result "1-0"]
[WhiteElo "2379"]
[BlackElo "2261"]
[PlyCount "83"]
[EventDate "2017.??.??"]
[EventType "swiss"]
[EventCountry "ITA"]
[SourceTitle "Acqui Terme"]
[TimeControl "40/5400+30:1800+30"]

1. d4 d5 2. c4 e6 3. Nc3 Bb4 4. cxd5 exd5 5. Nf3 Ne7 6. Qb3 c5 7. dxc5 Bxc5 8. e4 O-O 9. exd5 Re8 10. Be2 Na6 11. O-O Nc7 12. Rd1 Bd6 13. Ng5 Ng6 14. Nge4 b6 15. Bg5 f6 16. Be3 Kh8 17. f3 f5 18. Nxd6 Qxd6 19. Nb5 Nxb5 20. Bxb5 Bd7 21. Bf2 Rac8 22. Bf1 Re7 23. a4 Be8 24. a5 b5 25. a6 Rb8 26. Qd3 f4 27. Qd4 {[%emt 1:43:30]} Bf7 28. b4 Rd7 29. Qc5 Qe5 30. Bd4 Qg5 31. d6 Qxc5 32. bxc5 Kg8 33. Bf2 Ne5 34. Rd4 g5 35. Rb1 g4 36. Rxb5 Rc8 37. Re4 Ng6 38. fxg4 Bd5 39. Reb4 Bc6 40. Rb8 Rdd8 41. Rxc8 Rxc8 42. Rb7 1-0

[Event "WSCC 65 Open 2017"]
[Site "?"]
[Date "2017.11.14"]
[Round "7"]
[White "Pushkov, Nikolai"]
[Black "Vasiukov, Evgeni"]
[Result "1/2-1/2"]
[WhiteElo "2304"]
[BlackElo "2404"]
[PlyCount "21"]
[EventDate "2017.??.??"]
[EventType "swiss"]
[EventCountry "ITA"]
[SourceTitle "Acqui Terme"]
[TimeControl "40/5400+30:1800+30"]
[WhiteClock "1:33:31"]
[BlackClock "1:25:51"]

1. e4 {[%emt 0:00:00]} e5 {[%emt 0:00:31]} 2. Nf3 {[%emt 0:00:00]} Nf6 {[%emt 0:00:17]} 3. Nxe5 {[%emt 0:00:06]} d6 {[%emt 0:00:12]} 4. Nf3 {[%emt 0:00:07]} Nxe4 {[%emt 0:00:08]} 5. Qe2 {[%emt 0:00:18]} Qe7 {[%emt 0:00:18]} 6. d3 {[%emt 0:00:10]} Nf6 {[%emt 0:00:18]} 7. Bg5 {[%emt 0:00:17]} Qxe2+ {[%emt 0:01:01]} 8. Bxe2 {[%emt 0:00:08]} Be7 {[%emt 0:00:44]} 9. Nc3 {[%emt 0:00:16]} h6 {[%emt 0:03:35]} 10. Bf4 {[%emt 0:00:20]} Nc6 {[%emt 0:02:35]} 11. h3 {[%emt 0:00:17]} 1/2-1/2

[Event "WSCC 65 Open 2017"]
[Site "?"]
[Date "2017.11.14"]
[Round "7"]
[White "Hess, Christian"]
[Black "Okhotnik, Vladimir"]
[Result "1/2-1/2"]
[WhiteElo "2236"]
[BlackElo "2434"]
[Annotator "TA"]
[PlyCount "81"]
[EventDate "2017.??.??"]
[EventType "swiss"]
[EventCountry "ITA"]
[SourceTitle "Acqui Terme"]

{[%evp 21,81,0,0,0,0,0,0,0,0,0,0,0,20,14,59,63,46,20,27,34,21,24,60,58,59,63,67,50,98,72,112,95,139,113,109,102,118,107,93,45,52,52,44,54,60,35,43,13,16,15,35,16,50,43,62,47,47,0,84,0,45,0]} 1. Nf3 g6 2. d4 Nf6 3. c4 Bg7 4. Nc3 d5 5. e3 O-O 6. cxd5 Nxd5 7. Bc4 Nxc3 8. bxc3 c5 9. O-O Qc7 10. Qe2 b6 11. Bb2 {D94: Grünfeld: 4 Nf3 Bg7 5 e3} Nc6 {LiveBook: 6 Games} 12. Rad1 Bb7 13. e4 {The position is equal.} Na5 {[#] ...cxd4 is the strong threat.} 14. Bd3 e6 15. Rfe1 $146 ({Predecessor:} 15. Nd2 Rfd8 16. Rc1 Qd7 17. Nf3 {1-0 (51) Maric,A (2390)-Chiburdanidze,M (2505) Shanghai 1992}) 15... Rfd8 16. h4 Rac8 17. h5 Qf4 18. Bc1 Qg4 19. hxg6 hxg6 20. Bg5 $36 {[%cal Bc1g5,Bg5h4,Bh4g3][%mdl 2080] White has good play.} f6 21. Bh4 Qh5 22. Ba6 {Black must now prevent Bxb7.} cxd4 {And now ...g5 would win.} 23. cxd4 g5 24. Bg3 g4 {[#]} 25. Nh2 $1 Bxa6 26. Qxa6 f5 27. exf5 ({Don't play} 27. Qxa7 $6 Nc6 $14) 27... Qxf5 28. Nf1 Nc4 29. Rc1 Qa5 30. Qxa5 Nxa5 31. Rxc8 Rxc8 32. Rxe6 Rc1 33. Bf4 Rd1 34. Rg6 {Strongly threatening Be5.} Kf7 35. Rxg4 Nc6 36. Be3 Nxd4 {Threatens to win with ...Ne2+.} 37. g3 Nf3+ 38. Kg2 {Hoping for Rf4+.} Ne1+ 39. Kg1 Nc2 (39... Nf3+ $11 {keeps the balance.} 40. Kg2 Ne1+ 41. Kh3 Nc2) 40. Kg2 Ne1+ $1 41. Kg1 {Precision: White = 64%, Black = 63%.} 1/2-1/2

[Event "WSCC 65 Open 2017"]
[Site "?"]
[Date "2017.11.14"]
[Round "7"]
[White "Primbetov, Marat"]
[Black "Rooze, Jan"]
[Result "1/2-1/2"]
[WhiteElo "2222"]
[BlackElo "2314"]
[PlyCount "104"]
[EventDate "2017.??.??"]
[EventType "swiss"]
[EventCountry "ITA"]
[SourceTitle "Acqui Terme"]
[TimeControl "40/5400+30:1800+30"]
[WhiteClock "0:21:03"]
[BlackClock "0:06:43"]

1. e4 {[%emt 0:00:00]} c5 {[%emt 0:00:04]} 2. Nf3 {[%emt 0:00:14]} Nc6 {[%emt 0:00:05]} 3. d4 {[%emt 0:00:45]} cxd4 {[%emt 0:00:07]} 4. Nxd4 {[%emt 0:00:09]} g6 {[%emt 0:00:04]} 5. Nc3 {[%emt 0:02:52]} Bg7 {[%emt 0:00:23]} 6. Be3 {[%emt 0:00:13]} Nf6 {[%emt 0:00:06]} 7. f3 {[%emt 0:08:52]} Qb6 {[%emt 0:12:21]} 8. Ncb5 {[%emt 0:36:52]} Qa5+ {[%emt 0:05:28]} 9. c3 {[%emt 0:06:13]} O-O {[%emt 0:01:59]} 10. Nb3 {[%emt 0:00:42]} Qd8 {[%emt 0:00:37]} 11. c4 {[%emt 0:00:17]} b6 {[%emt 0:11:54]} 12. Qd2 {[%emt 0:00:46]} Bb7 {[%emt 0:04:47]} 13. Be2 {[%emt 0:00:33]} d6 {[%emt 0:04:30]} 14. O-O {[%emt 0:00:26]} Nd7 {[%emt 0:00:49]} 15. Rfd1 {[%emt 0:01:44]} Rc8 {[%emt 0:06:26]} 16. Rac1 {[%emt 0:00:28]} a6 {[%emt 0:03:40]} 17. Nc3 {[%emt 0:00:56]} Nc5 {[%emt 0:03:07]} 18. Nd4 {[%emt 0:00:57]} Nxd4 {[%emt 0:00:39]} 19. Bxd4 {[%emt 0:00:02]} Bxd4+ {[%emt 0:00:12]} 20. Qxd4 {[%emt 0:00:08]} Qc7 {[%emt 0:02:32]} 21. Qe3 {[%emt 0:04:28]} Qb8 {[%emt 0:04:36]} 22. h4 {[%emt 0:00:59]} Nd7 {[%emt 0:09:46]} 23. h5 {[%emt 0:00:39]} Rc5 {[%emt 0:01:49]} 24. f4 {[%emt 0:01:31]} gxh5 {[%emt 0:06:24]} 25. b4 {[%emt 0:00:26]} Rc7 {[%emt 0:00:18]} 26. e5 {[%emt 0:05:23]} dxe5 {[%emt 0:01:07]} 27. fxe5 {[%emt 0:00:09]} f6 {[%emt 0:03:03]} 28. exf6 {[%emt 0:01:52]} Nxf6 {[%emt 0:00:31]} 29. Qxb6 {[%emt 0:00:44]} Kh8 {[%emt 0:02:08]} 30. Qd4 {[%emt 0:01:46]} Rd7 {[%emt 0:05:36]} 31. Qe3 {[%emt 0:13:40]} Rg8 {[%emt 0:02:47]} 32. Nd5 {[%emt 0:03:34]} Bxd5 {[%emt 0:00:59]} 33. cxd5 {[%emt 0:00:37]} Nxd5 {[%emt 0:03:02]} 34. Qd4+ {[%emt 0:01:08]} Nf6 {[%emt 0:00:05]} 35. Qe3 {[%emt 0:01:45]} Rxd1+ {[%emt 0:01:21]} 36. Rxd1 {[%emt 0:00:01]} Qxb4 {[%emt 0:00:15]} 37. Bxa6 {[%emt 0:00:50]} Rxg2+ {[%emt 0:01:32]} 38. Kxg2 {[%emt 0:01:09]} Qg4+ {[%emt 0:00:07]} 39. Kf2 {[%emt 0:02:11]} Qxd1 {[%emt 0:01:05]} 40. Qxe7 {[%emt 0:00:48]} Qd4+ {[%emt 0:32:44]} 41. Kf3 {[%emt 0:06:40]} Qg4+ {[%emt 0:00:00]} 42. Kf2 {[%emt 0:00:18]} Ne4+ {[%emt 0:00:00]} 43. Ke3 {[%emt 0:00:59]} Qg3+ {[%emt 0:00:00]} 44. Kd4 {[%emt 0:00:37]} Qc3+ {[%emt 0:00:00]} 45. Kd5 {[%emt 0:00:29]} Nf6+ {[%emt 0:00:00]} 46. Ke6 {[%emt 0:02:15]} Ng8 {[%emt 0:00:00]} 47. Qd6 {[%emt 0:02:34]} Qf6+ {[%emt 0:00:00]} 48. Kd7 {[%emt 0:00:44]} Qf7+ {[%emt 0:00:00]} 49. Kd8 {[%emt 0:01:11]} Nf6 {[%emt 0:00:00]} 50. Bc4 {[%emt 0:01:37]} Qxc4 {[%emt 0:00:00]} 51. Qxf6+ {[%emt 0:00:12]} Kg8 {[%emt 0:00:00]} 52. Qg5+ {[%emt 0:00:32]} Kh8 {[%emt 0:00:42]} 1/2-1/2

[Event "WSCC 65 Open 2017"]
[Site "?"]
[Date "2017.11.14"]
[Round "7"]
[White "Gruzmann, Boris"]
[Black "Sveshnikov, Evgeny"]
[Result "0-1"]
[WhiteElo "2218"]
[BlackElo "2480"]
[Annotator "TA"]
[PlyCount "98"]
[EventDate "2017.??.??"]
[EventType "swiss"]
[EventCountry "ITA"]
[SourceTitle "Acqui Terme"]

{[%evp 23,98,14,0,0,12,4,16,18,26,18,15,0,0,0,0,0,0,-7,10,0,14,0,15,-8,-8,-19,-19,-19,-19,-19,-19,-19,-19,-19,-19,-19,-17,-48,-49,-50,-13,-14,-4,-6,-7,-10,0,0,0,-17,-7,-32,-8,-45,-35,-70,-62,-59,-60,-63,-70,-70,-57,-185,-185,-287,-286,-287,-287,-275,-245,-578,-570,-534,-434,-6508,-5870]} 1. e4 c5 2. Nf3 Nc6 3. d4 cxd4 4. Nxd4 Nf6 5. Nc3 e5 6. Ndb5 d6 7. Bg5 a6 8. Na3 b5 {[%cal Bb7b5,Bb5b4][%mdl 32]} 9. Nd5 Be7 10. Bxf6 Bxf6 11. c4 b4 12. Nc2 a5 13. g3 {B33: Sicilian: Pelikan and Sveshnikov Variations} O-O (13... Bg5 14. h4 Bh6 15. Bh3 Bb7 16. Qh5 Ne7 17. Nf6+ Kf8 18. Rd1 Ng6 19. Nd5 Ne7 20. Nf6 Ng6 {½-½ (49) Saric,I (2662)-Ivanchuk,V (2727) Mali Losinj 2017}) 14. Bg2 Be6 15. O-O {The position is equal.} Rc8 16. b3 Bxd5 17. Qxd5 Nd4 18. Nxd4 exd4 19. Qh5 Qb6 20. Rad1 $146 ({Predecessor:} 20. Qf3 Rfe8 {½-½ (38) Szczepkowska,K (2293)-Toma,K (2259) Krakow 2008}) 20... g6 21. Qe2 Bg7 22. Rd3 Rce8 23. g4 f5 24. gxf5 Rxf5 25. Qg4 Rh5 26. f4 Qd8 27. Rh3 Rxh3 28. Qxh3 Kh8 29. Qg3 Qf6 30. Qg5 Qxg5 31. fxg5 $15 {[%mdl 4096] Endgame KRB-KRB} Re5 32. h4 Re7 33. Kf2 Be5 34. Ke2 Bg3 35. Kf3 Be5 36. Ke2 Kg7 37. Rf3 h5 (37... a4 $5) 38. gxh6+ Kxh6 39. Rh3 Ra7 40. Bf3 a4 41. Bg4 axb3 42. axb3 Ra1 43. h5 {[#]} (43. Kd2 $15) 43... g5 $1 $19 {And now ...Rg1 would win.} 44. Bf5 (44. Kf2 $142) 44... Rg1 45. Kf2 Rc1 46. Rf3 Rh1 47. Rh3 $2 {[#]} (47. Be6 {is more resistant.}) 47... Rxh3 $1 {Black is clearly winning.} 48. Bxh3 {With the idea Bg4.} Kxh5 49. Bf1 (49. Kf3 $142 Kh4 50. Bf5) 49... Kg4 {Precision: White = 48%, Black = 71%.} 0-1

[Event "WSCC 65 Open 2017"]
[Site "?"]
[Date "2017.11.14"]
[Round "7"]
[White "Trois, Francisco R T"]
[Black "Lisenko, Alexander V"]
[Result "0-1"]
[WhiteElo "2184"]
[BlackElo "2372"]
[PlyCount "60"]
[EventDate "2017.??.??"]
[EventType "swiss"]
[EventCountry "ITA"]
[SourceTitle "Acqui Terme"]
[TimeControl "40/5400+30:1800+30"]
[WhiteClock "0:08:07"]
[BlackClock "0:25:17"]

1. Nf3 {[%emt 0:00:00]} c5 {[%emt 0:00:05]} 2. c4 {[%emt 0:00:48]} Nc6 {[%emt 0:00:37]} 3. Nc3 {[%emt 0:01:41]} g6 {[%emt 0:00:18]} 4. e3 {[%emt 0:01:13]} Nf6 {[%emt 0:01:56]} 5. d4 {[%emt 0:05:22]} cxd4 {[%emt 0:00:30]} 6. Nxd4 {[%emt 0:04:29]} Bg7 {[%emt 0:00:14]} 7. Be2 {[%emt 0:02:17]} O-O 8. O-O d6 {[%emt 0:04:41]} 9. Nc2 {[%emt 0:10:29]} Bf5 {[%emt 0:05:29]} 10. Bd3 {[%emt 0:08:24]} Bxd3 {[%emt 0:07:44]} 11. Qxd3 {[%emt 0:00:02]} Ne5 {[%emt 0:00:14]} 12. Qe2 {[%emt 0:00:19]} Rc8 {[%emt 0:00:10]} 13. b3 {[%emt 0:02:17]} Qb6 {[%emt 0:05:33]} 14. Rd1 {[%emt 0:02:59]} e6 {[%emt 0:18:22]} 15. e4 {[%emt 0:06:04]} d5 {[%emt 0:08:26]} 16. exd5 {[%emt 0:11:09]} exd5 {[%emt 0:00:34]} 17. Be3 {[%emt 0:00:57]} Qa6 {[%emt 0:08:08]} 18. Nb4 {[%emt 0:03:38]} Qa3 {[%emt 0:03:00]} 19. Nbxd5 {[%emt 0:01:13]} Nxd5 {[%emt 0:00:52]} 20. Nxd5 {[%emt 0:00:15]} Rfe8 {[%emt 0:00:15]} 21. Qd2 {[%emt 0:06:06]} Nc6 {[%emt 0:02:21]} 22. Rab1 {[%emt 0:03:51]} Qd6 {[%emt 0:02:30]} 23. h3 {[%emt 0:00:43]} Qe6 {[%emt 0:00:32]} 24. Re1 {[%emt 0:04:28]} Qf5 {[%emt 0:00:30]} 25. Rbd1 {[%emt 0:00:41]} Re4 {[%emt 0:02:45]} 26. Bh6 {[%emt 0:01:46]} Rd4 {[%emt 0:01:07]} 27. Qe3 {[%emt 0:00:56]} Rxd1 {[%emt 0:00:37]} 28. Rxd1 {[%emt 0:00:01]} Qh5 {[%emt 0:00:14]} 29. Re1 {[%emt 0:14:05]} Qxh6 {[%emt 0:02:22]} 30. Nf6+ {[%emt 0:00:40]} Kh8 {[%emt 0:00:07]} 0-1

[Event "WSCC 65 Open 2017"]
[Site "?"]
[Date "2017.11.14"]
[Round "7"]
[White "Beltz, Robert"]
[Black "Vogt, Lothar"]
[Result "0-1"]
[WhiteElo "2158"]
[BlackElo "2398"]
[PlyCount "76"]
[EventDate "2017.??.??"]
[EventType "swiss"]
[EventCountry "ITA"]
[SourceTitle "Acqui Terme"]
[TimeControl "40/5400+30:1800+30"]
[WhiteClock "0:06:20"]
[BlackClock "0:09:52"]

1. e4 {[%emt 0:00:00]} c5 {[%emt 0:00:02]} 2. c3 {[%emt 0:00:00]} Nf6 {[%emt 0:01:42]} 3. d3 {[%emt 0:02:48]} d5 {[%emt 0:01:47]} 4. e5 {[%emt 0:01:39]} Nfd7 {[%emt 0:03:04]} 5. f4 {[%emt 0:05:59]} e6 {[%emt 0:02:44]} 6. Nf3 {[%emt 0:07:09]} Be7 {[%emt 0:00:05]} 7. c4 {[%emt 0:03:06]} Nb6 {[%emt 0:07:31]} 8. Nc3 {[%emt 0:07:47]} f5 {[%emt 0:04:19]} 9. cxd5 {[%emt 0:05:10]} Nxd5 {[%emt 0:00:19]} 10. Nxd5 {[%emt 0:05:55]} Qxd5 {[%emt 0:00:42]} 11. d4 {[%emt 0:00:02]} Nc6 {[%emt 0:02:29]} 12. Bb5 {[%emt 0:08:23]} cxd4 {[%emt 0:04:46]} 13. Qb3 {[%emt 0:07:24]} Qxb3 {[%emt 0:04:32]} 14. axb3 {[%emt 0:01:22]} Bd7 {[%emt 0:00:03]} 15. Bd2 {[%emt 0:04:19]} Bc5 {[%emt 0:03:56]} 16. Rc1 {[%emt 0:03:01]} Bb6 {[%emt 0:01:01]} 17. Ba4 {[%emt 0:11:40]} O-O {[%emt 0:05:54]} 18. Ke2 {[%emt 0:01:29]} a6 {[%emt 0:06:25]} 19. Rhd1 {[%emt 0:06:24]} Ba7 {[%emt 0:01:02]} 20. b4 {[%emt 0:01:29]} Rac8 {[%emt 0:04:06]} 21. b5 {[%emt 0:02:36]} axb5 {[%emt 0:08:15]} 22. Bc2 {[%emt 0:05:07]} h6 {[%emt 0:06:49]} 23. Bd3 {[%emt 0:00:04]} Rfd8 {[%emt 0:00:55]} 24. Be1 {[%emt 0:01:27]} Be8 {[%emt 0:03:01]} 25. Rc2 {[%emt 0:01:19]} Rd5 {[%emt 0:01:17]} 26. h4 {[%emt 0:01:29]} Bh5 {[%emt 0:03:00]} 27. Rdc1 {[%emt 0:00:58]} g5 {[%emt 0:02:27]} 28. hxg5 {[%emt 0:00:54]} hxg5 {[%emt 0:00:03]} 29. Kf2 {[%emt 0:00:30]} gxf4 {[%emt 0:01:35]} 30. Bd2 {[%emt 0:00:01]} Rcd8 {[%emt 0:07:03]} 31. Bxf4 {[%emt 0:00:05]} Bb8 {[%emt 0:00:53]} 32. Ng5 {[%emt 0:00:37]} Bf7 {[%emt 0:03:31]} 33. Rc5 {[%emt 0:00:52]} Bxe5 {[%emt 0:00:47]} 34. Bxe5 {[%emt 0:00:15]} Nxe5 {[%emt 0:01:02]} 35. Bxb5 {[%emt 0:00:04]} Kg7 {[%emt 0:01:07]} 36. Nxf7 {[%emt 0:00:27]} Kxf7 {[%emt 0:00:37]} 37. Rc7+ {[%emt 0:00:30]} Kf6 {[%emt 0:00:12]} 38. Rxb7 {[%emt 0:00:19]} Rxb5 {[%emt 0:00:35]} 0-1

[Event "WSCC 65 Open 2017"]
[Site "?"]
[Date "2017.11.15"]
[Round "8"]
[White "Sveshnikov, Evgeny"]
[Black "Pushkov, Nikolai"]
[Result "1-0"]
[WhiteElo "2480"]
[BlackElo "2304"]
[Annotator "TA"]
[PlyCount "53"]
[EventDate "2017.??.??"]
[EventType "swiss"]
[EventCountry "ITA"]
[SourceTitle "Acqui Terme"]

{[%evp 19,53,-27,-21,-41,47,50,55,55,62,56,79,54,74,76,107,85,87,87,116,104,117,124,126,113,133,113,108,109,154,163,164,160,210,204,277,284]} 1. e4 e6 2. d4 d5 3. Nc3 Nf6 4. Bg5 Be7 5. e5 Nfd7 6. Bxe7 Qxe7 7. f4 a6 8. Nf3 c5 9. Qd2 Nc6 10. O-O-O O-O {LiveBook: 17 Games} 11. Kb1 {C14: French: Classical System: 4 Bg5 Be7 main line} f6 $146 (11... c4 $15) ({Predecessor:} 11... c4 12. f5 b5 13. Qg5 Qxg5 14. Nxg5 Nb6 15. fxe6 fxe6 16. h4 b4 17. Ne2 a5 18. g3 h6 {0-1 (47) Bailet,P (2306)-Carlsson,P (2515) Sautron 2008}) 12. exf6 $14 Qxf6 13. g3 {White is slightly better.} cxd4 14. Nxd4 Nc5 15. Bg2 Bd7 16. Rhe1 Rac8 17. Nb3 Nxb3 18. axb3 Rcd8 19. Na4 Kh8 20. Nc5 Bc8 21. Nd3 Rf7 22. Ne5 Rc7 23. Bf1 Nxe5 24. Rxe5 Bd7 25. Rde1 Qf8 26. Bh3 Rc6 {[#]} 27. f5 $1 {[%mdl 512] Precision: White = 76%, Black = 21%.} 1-0

[Event "WSCC 65 Open 2017"]
[Site "?"]
[Date "2017.11.15"]
[Round "8"]
[White "Okhotnik, Vladimir"]
[Black "Komljenovic, Davorin"]
[Result "1-0"]
[WhiteElo "2434"]
[BlackElo "2379"]
[Annotator "TA"]
[PlyCount "37"]
[EventDate "2017.??.??"]
[EventType "swiss"]
[EventCountry "ITA"]
[SourceTitle "Acqui Terme"]

{[%evp 29,32,0,20,-6,0]} 1. e4 c5 2. c3 Nf6 3. e5 Nd5 4. d4 cxd4 5. cxd4 d6 6. Nf3 Nc6 7. Bc4 Nb6 8. Bb5 dxe5 9. Nxe5 Bd7 10. Nxd7 Qxd7 11. Nc3 e6 12. O-O Rd8 {B22: Sizilianisch (Alapin 2.c3)} (12... Be7 13. Qg4 O-O 14. Bxc6 bxc6 15. Bh6 Bf6 16. Rad1 Kh8 17. Ne4 Qe7 18. Bf4 Rad8 19. Qg3 Rg8 20. Bd6 Qd7 21. Bc7 Rc8 {1-0 (83) Vajda,L (2596)-Markos,J (2572) Slovakia 2017}) 13. Be3 Be7 14. Qg4 O-O 15. Rad1 f5 {LiveBook: 4 Partien} 16. Qg3 a6 {[%mdl 32768] Loss on Time!?} {Vorgänger:} 17. Bxc6 $146 Qxc6 18. Bf4 Rf6 19. f3 {½-½ (61) Vajda,S (2417)-Dworakowska,J (2340) Germany 2006} 1-0

[Event "WSCC 65 Open 2017"]
[Site "?"]
[Date "2017.11.15"]
[Round "8"]
[White "Jansa, Vlastimil"]
[Black "Hess, Christian"]
[Result "1-0"]
[WhiteElo "2425"]
[BlackElo "2236"]
[Annotator "TA"]
[PlyCount "61"]
[EventDate "2017.??.??"]
[EventType "swiss"]
[EventCountry "ITA"]
[SourceTitle "Acqui Terme"]

{[%evp 15,61,14,31,27,40,21,12,30,11,16,18,-79,0,-20,0,-30,0,-25,16,0,0,0,0,0,32,16,33,20,37,33,62,71,108,101,251,141,136,135,525,204,359,170,212,181,527,525,514,510]} 1. Nf3 Nf6 2. g3 g6 3. b3 Bg7 4. Bb2 O-O 5. Bg2 a5 6. O-O d5 7. c4 c6 8. Na3 Na6 {LiveBook: 10 Games. A11: English Opening: 1...c6} 9. cxd5 $146 ({Predecessor:} 9. d3 Bg4 10. Nc2 Bxf3 11. Bxf3 e6 12. Rb1 Nb4 13. a3 Nxc2 14. Qxc2 Nd7 15. d4 a4 16. bxa4 {½-½ (57) Zhao,J (2574)-Laylo,D (2516) Mashhad 2011}) 9... cxd5 10. Nc2 b5 {The position is equal.} 11. Rc1 Bb7 12. Ncd4 Qb6 13. a3 (13. Ne5 $1 $11) 13... Rac8 (13... Nd7 $17) 14. Bh3 e6 15. d3 Nb8 16. Qd2 Nbd7 17. Bc3 Ra8 18. b4 {[%cal Rb4a5]} a4 19. Nc2 Rac8 {Hoping for ...Ne4.} 20. Bd4 Qd6 21. Qf4 Qe7 22. Ne5 Nh5 23. Qe3 Rfd8 24. f4 Nf8 (24... Nhf6 $16) 25. Bc5 ({White should play} 25. Bb6 $18) 25... Qe8 $16 26. Nd4 $36 {[%cal Bc2d4,Bd4e6,Be6d8][%mdl 2080] White is in control.} Nd7 $2 {[%mdl 8192] [#]} (26... Nf6 $16 27. Bxf8 Kxf8) 27. Nxd7 $2 (27. Nxf7 $1 {[%mdl 512]} Rxc5 (27... Qxf7 28. Bxe6) 28. bxc5 Kxf7 29. Nxe6) 27... Qxd7 $2 {[#]} (27... Rxd7 {was necessary.} 28. Nxb5 Qd8) 28. g4 (28. Nxe6 $142 $1 {[%mdl 512]} f5 (28... fxe6 29. Bxe6+) 29. Nxd8 Rxd8 30. Qe7) 28... Nf6 29. g5 Ne8 $2 {[#]} (29... Ne4 {is tougher.}) 30. Nxe6 $1 $18 {[%mdl 512]} d4 (30... fxe6 31. Bxe6+) 31. Nxd8 {Precision: White = 30%, Black = 27%.} 1-0

[Event "WSCC 65 Open 2017"]
[Site "?"]
[Date "2017.11.15"]
[Round "8"]
[White "Vasiukov, Evgeni"]
[Black "Povah, Nigel E"]
[Result "1/2-1/2"]
[WhiteElo "2404"]
[BlackElo "2295"]
[PlyCount "87"]
[EventDate "2017.??.??"]
[EventType "swiss"]
[EventCountry "ITA"]
[SourceTitle "Acqui Terme"]
[TimeControl "40/5400+30:1800+30"]
[WhiteClock "0:05:19"]
[BlackClock "0:04:17"]

1. e4 {[%emt 0:00:00]} c5 {[%emt 0:00:07]} 2. Nf3 {[%emt 0:00:00]} Nc6 {[%emt 0:00:05]} 3. Bb5 {[%emt 0:00:03]} Nf6 {[%emt 0:00:11]} 4. Qe2 {[%emt 0:00:46]} g6 {[%emt 0:00:36]} 5. O-O {[%emt 0:00:54]} Bg7 {[%emt 0:00:10]} 6. c3 {[%emt 0:00:53]} O-O {[%emt 0:00:21]} 7. h3 {[%emt 0:00:05]} e5 {[%emt 0:04:59]} 8. d3 {[%emt 0:02:03]} Qc7 {[%emt 0:04:00]} 9. Be3 {[%emt 0:03:20]} d6 {[%emt 0:00:46]} 10. Nbd2 {[%emt 0:01:41]} a6 {[%emt 0:08:47]} 11. Ba4 {[%emt 0:02:04]} Re8 {[%emt 0:09:06]} 12. Rfc1 {[%emt 0:05:30]} b6 {[%emt 0:18:52]} 13. b4 {[%emt 0:13:15]} Bb7 {[%emt 0:11:04]} 14. Bb3 {[%emt 0:03:14]} h6 {[%emt 0:01:15]} 15. a4 {[%emt 0:00:48]} Qe7 {[%emt 0:01:57]} 16. Rab1 {[%emt 0:13:01]} Rab8 {[%emt 0:02:16]} 17. bxc5 {[%emt 0:06:27]} bxc5 {[%emt 0:01:14]} 18. Nc4 {[%emt 0:03:27]} Bc8 {[%emt 0:02:08]} 19. Qd2 {[%emt 0:14:34]} Kh7 {[%emt 0:00:49]} 20. Qa2 {[%emt 0:01:37]} Be6 {[%emt 0:01:04]} 21. Ncd2 {[%emt 0:01:11]} Na5 {[%emt 0:04:47]} 22. Bxe6 {[%emt 0:01:22]} Qxe6 {[%emt 0:00:11]} 23. Qxe6 {[%emt 0:01:31]} fxe6 {[%emt 0:00:05]} 24. d4 {[%emt 0:03:34]} exd4 {[%emt 0:03:41]} 25. cxd4 {[%emt 0:00:02]} cxd4 {[%emt 0:04:49]} 26. Bxd4 {[%emt 0:01:05]} Rxb1 {[%emt 0:04:23]} 27. Rxb1 {[%emt 0:00:18]} Nd7 {[%emt 0:01:03]} 28. Bb6 {[%emt 0:02:36]} Nc6 {[%emt 0:02:57]} 29. Bc7 {[%emt 0:00:16]} d5 {[%emt 0:01:06]} 30. Bd6 {[%emt 0:01:43]} Na5 {[%emt 0:01:37]} 31. Rc1 {[%emt 0:01:32]} Nc4 {[%emt 0:03:57]} 32. Nxc4 {[%emt 0:02:51]} Rc8 {[%emt 0:00:14]} 33. e5 {[%emt 0:01:19]} dxc4 {[%emt 0:00:36]} 34. a5 {[%emt 0:00:29]} g5 {[%emt 0:02:23]} 35. Kf1 {[%emt 0:00:24]} Kg6 {[%emt 0:00:14]} 36. Ke2 {[%emt 0:03:11]} h5 {[%emt 0:02:07]} 37. g4 {[%emt 0:00:21]} hxg4 {[%emt 0:00:08]} 38. hxg4 {[%emt 0:00:01]} c3 {[%emt 0:00:35]} 39. Kd3 {[%emt 0:05:21]} Nc5+ {[%emt 0:01:18]} 40. Bxc5 {[%emt 0:00:56]} Rxc5 {[%emt 0:30:07]} 41. Rxc3 {[%emt 0:30:37]} Rxa5 {[%emt 0:00:28]} 42. Rc6 {[%emt 0:01:57]} Bxe5 {[%emt 0:01:04]} 43. Nxe5+ {[%emt 0:00:15]} Rxe5 {[%emt 0:00:06]} 44. Rxa6 {[%emt 0:00:07]} 1/2-1/2

[Event "WSCC 65 Open 2017"]
[Site "?"]
[Date "2017.11.15"]
[Round "8"]
[White "Vogt, Lothar"]
[Black "Vaisser, Anatoly"]
[Result "1/2-1/2"]
[WhiteElo "2398"]
[BlackElo "2503"]
[Annotator "TA"]
[PlyCount "89"]
[EventDate "2017.??.??"]
[EventType "swiss"]
[EventCountry "ITA"]
[SourceTitle "Acqui Terme"]

{[%evp 17,89,33,31,18,16,24,18,22,34,34,23,6,47,25,28,15,16,22,18,19,31,31,24,36,36,34,89,92,80,82,116,30,115,86,100,100,100,86,85,82,92,90,122,133,137,29,47,10,11,2,11,11,23,0,0,0,0,0,0,0,8,0,0,0,9,0,0,0,0,0,0,0,0,0]} 1. e4 e6 2. d4 d5 3. Nd2 c5 4. exd5 exd5 5. Ngf3 Nc6 6. Bb5 cxd4 7. O-O Bd6 8. Nb3 Nge7 9. Nbxd4 O-O 10. Bd3 {C09: French Tarrasch: 3...c5 4 exd5 exd5 5 Ngf3 Nc6} Nxd4 (10... h6 11. h3 Ng6 12. c3 Qf6 13. Be3 Nf4 14. Bxf4 Bxf4 15. Re1 Bc7 16. Bf1 Bb6 17. Qd2 Bd7 {½-½ (33) Hansen,C (2621)-Agdestein,S (2620) Oslo 2015}) 11. Nxd4 Nc6 12. Be3 Qf6 $146 ({Predecessor:} 12... Ne5 13. h3 a6 14. c3 Nxd3 15. Qxd3 Qf6 16. Rfd1 Bc7 17. Nf3 Be6 18. Bd4 Qg6 19. Qxg6 hxg6 20. Be5 Bb6 21. Bd4 Bc7 22. Be5 Bb6 23. Bd4 Bc7 {½-½ (23) Skripchenko,A (2420)-Cosma,E (2316) Riga 2017}) 13. c3 Ne5 14. Be2 Qh4 {[#] White must now prevent ...Ng4.} 15. g3 Qe4 {And now ...Bh3 would win.} 16. Qb1 Bh3 {[%csl Gh3][%cal Re4g2]} 17. Qxe4 dxe4 18. Rfd1 Be7 19. Nb5 a6 20. Nd6 Bxd6 21. Rxd6 Bg4 (21... Be6 $14) 22. Bxg4 $16 Nxg4 23. Bf4 Rfe8 24. Rad1 (24. Rb6 $16) 24... h6 (24... e3 $11) 25. h3 Ne5 26. Bxe5 $1 Rxe5 27. Rd8+ Rxd8 28. Rxd8+ {[%mdl 4096] Endgame KR-KR} Kh7 29. Rd7 Rb5 30. b4 f5 {[#]} 31. Kf1 (31. a4 $1 $16 {[%cal Ra4b5]} Rb6 32. Kf1) 31... Rb6 $11 32. Rc7 a5 $1 33. a3 {[%cal Ba2a3,Ba3b4][%mdl 32]} axb4 34. axb4 Kg6 35. Ke2 Kf6 {The position is equal.} 36. Ke3 Rd6 37. c4 b6 38. Rb7 Rc6 39. Kd4 {White wants to play Kd5.} Rd6+ 40. Ke3 Rc6 41. g4 fxg4 42. hxg4 Rxc4 43. Rxb6+ Kg5 44. Rb7 g6 45. Rb6 {Precision: White = 52%, Black = 57%.} 1/2-1/2